LEADER 01495nam 2200385 n 450 001 996392905103316 005 20221108011830.0 035 $a(CKB)1000000000683098 035 $a(EEBO)2240923271 035 $a(UnM)99836018 035 $a(EXLCZ)991000000000683098 100 $a19900822d1632 uy | 101 0 $aeng 135 $aurbn||||a|bb| 200 04$aThe mischiefe and miserie of sandals [sic] both taken, and giuen. By Ier. Dyke, minister of Epping in Essex$b[electronic resource] 210 $aLondon $cPrinted by W[illiam] S[tansby] for R. Milbourne, in Pauls Church-yard at the Greyhound$d1632 215 $a[28], 192, 191-242 p 300 $aPrinter's name from STC. 300 $aThe first leaf is blank. 300 $aRunning title reads: The mischiefe of scandals. 300 $aAlso issued as part of "Two treatises" (1632 and 1635). 300 $aReproduction of the original in the Folger Shakespeare Library. 300 $aPrint faded on p. 20-21 and 77; p. 10-87 from University of Chicago. Library spliced at end. 330 $aeebo-0055 606 $aGood and evil$vEarly works to 1800 615 0$aGood and evil 700 $aDyke$b Jeremiah$f1584-1639.$01001094 801 0$bCu-RivES 801 1$bCu-RivES 801 2$bCStRLIN 801 2$bWaOLN 906 $aBOOK 912 $a996392905103316 996 $aThe mischiefe and miserie of sandals both taken, and giuen. By Ier. Dyke, minister of Epping in Essex$92314393 997 $aUNISA LEADER 02050oam 2200613I 450 001 9910704475103321 005 20131030085346.0 035 $a(CKB)5470000002440942 035 $a(OCoLC)858919409 035 $a(EXLCZ)995470000002440942 100 $a20130925d2012 ua 0 101 0 $aeng 135 $aurcn||||||||| 181 $ctxt$2rdacontent 182 $cc$2rdamedia 183 $acr$2rdacarrier 200 10$aUniform foam crush testing for multi-mission earth entry vehicle impact attenuation /$fByron W. Patterson and Louis J. Glaab 210 1$aHampton, Virginia :$cNational Aeronautics and Space Administration, Langley Research Center,$d[2012] 215 $a1 online resource (iii, 31 pages) $cillustrations 225 1 $aNASA/TM 2012-217763 300 $aTitle from title screen (viewed Sept. 25, 2013). 300 $a"September 2012." 320 $aIncludes bibliographical references (pages 29-30). 606 $aAtmospheric entry$2nasat 606 $aBlunt bodies$2nasat 606 $aFoams$2nasat 606 $aCrushing$2nasat 606 $aEarth surface$2nasat 606 $aMechanical properties$2nasat 606 $aDrop towers$2nasat 606 $aDrop tests$2nasat 606 $aAttenuators$2nasat 606 $aMars sample return missions$2nasat 615 7$aAtmospheric entry. 615 7$aBlunt bodies. 615 7$aFoams. 615 7$aCrushing. 615 7$aEarth surface. 615 7$aMechanical properties. 615 7$aDrop towers. 615 7$aDrop tests. 615 7$aAttenuators. 615 7$aMars sample return missions. 700 $aPatterson$b Byron W.$01405411 702 $aGlaab$b Louis J. 712 02$aUnited States.$bNational Aeronautics and Space Administration, 712 02$aLangley Research Center, 801 0$bGPO 801 1$bGPO 801 2$bGPO 906 $aBOOK 912 $a9910704475103321 996 $aUniform foam crush testing for multi-mission earth entry vehicle impact attenuation$93481819 997 $aUNINA